[Event "Gorazde op"]
[Site "Gorazde"]
[Date "2009.11.15"]
[Round "7"]
[White "Fejzagic, Nadir"]
[Black "Mesic, Vehid"]
[Result "1-0"]
[WhiteElo "2089"]
[BlackElo "1524"]
[PlyCount "52"]
[EventDate "2009.11.12"]
[EventType "swiss"]
[EventRounds "7"]
[EventCountry "BIH"]
[SourceTitle "EXT 2011"]
[Source "ChessBase"]
[SourceDate "2010.11.26"]
[SourceVersion "1"]
[SourceVersionDate "2010.11.26"]
[SourceQuality "1"]

1. d4 d5 2. Nf3 Nf6 3. Bf4 e6 4. Nbd2 Be7 5. e3 0-0 6. Bd3 Nbd7 7. c3 c5 8. h4 b6 9. Ne5 Bb7 10. Qf3 Nxe5 11. dxe5 Nd7 12. Bxh7+ Kxh7 13. Qh5+ Kg8 14. Nf3 f6 15. Ng5 fxg5 16. hxg5 Nxe5 17. Bxe5 Bxg5 18. Qh7+ Kf7 19. Qxg7+ Ke8 20. Qxb7 Qc8 21. Qg7 Be7 22. Rh7 Qd8 23. Qg3 Kd7 24. 0-0-0 Kc6 25. c4 Bd6 26. cxd5+ exd5 1-0

[Event "Gorazde op"]
[Site "Gorazde"]
[Date "2009.11.14"]
[Round "5"]
[White "Mesic, Vehid"]
[Black "Ivanovic, Dragoslav"]
[Result "0-1"]
[WhiteElo "1524"]
[BlackElo "2135"]
[PlyCount "42"]
[EventDate "2009.11.12"]
[EventType "swiss"]
[EventRounds "7"]
[EventCountry "BIH"]
[SourceTitle "EXT 2011"]
[Source "ChessBase"]
[SourceDate "2010.11.26"]
[SourceVersion "1"]
[SourceVersionDate "2010.11.26"]
[SourceQuality "1"]

1. e4 c5 2. Nf3 d6 3. d4 cxd4 4. Nxd4 Nf6 5. Nc3 a6 6. Bc4 e5 7. Nb3 Be6 8. Bd5 Qc7 9. Be3 Nbd7 10. 0-0 Be7 11. f4 Bxd5 12. exd5 b5 13. Qf3 0-0 14. g4 b4 15. Ne2 Qxc2 16. g5 e4 17. Qg2 Nxd5 18. Rfc1 Nxe3 19. Rxc2 Nxg2 20. Rc7 Nxf4 21. Nxf4 Rfd8 0-1

[Event "Gorazde op"]
[Site "Gorazde"]
[Date "2009.11.13"]
[Round "3"]
[White "Miljkovic, Milan1111"]
[Black "Mesic, Vehid"]
[Result "1-0"]
[WhiteElo "2188"]
[BlackElo "1524"]
[PlyCount "67"]
[EventDate "2009.11.12"]
[EventType "swiss"]
[EventRounds "7"]
[EventCountry "BIH"]
[SourceTitle "EXT 2011"]
[Source "ChessBase"]
[SourceDate "2010.11.26"]
[SourceVersion "1"]
[SourceVersionDate "2010.11.26"]
[SourceQuality "1"]

1. e4 e5 2. Nf3 Nc6 3. Bb5 a6 4. Ba4 Nf6 5. 0-0 Be7 6. Re1 b5 7. Bb3 0-0 8. c3 d5 9. exd5 Nxd5 10. d4 exd4 11. Nxd4 Nxd4 12. Qxd4 Bb7 13. Nd2 c5 14. Qe4 Re8 15. Nf3 Qd7 16. Ne5 Qe6 17. c4 Bd6 18. f4 Bxe5 19. fxe5 bxc4 20. Bxc4 Qc6 21. Bd2 Rad8 22. Rad1 Nb6 23. Qxc6 Bxc6 24. Bxa6 Ra8 25. Bf1 Rxa2 26. Bc1 Bd5 27. Be3 Rxb2 28. Bxc5 Be6 29. Rd6 Nc4 30. Rxe6 Rxe6 31. Bxc4 Rc6 32. e6 fxe6 33. Bxe6+ Kh8 34. Bd7 1-0

[Event "Gorazde op"]
[Site "Gorazde"]
[Date "2009.11.12"]
[Round "1"]
[White "Maric, Spasoje"]
[Black "Mesic, Vehid"]
[Result "1-0"]
[WhiteElo "2198"]
[BlackElo "1524"]
[PlyCount "109"]
[EventDate "2009.11.12"]
[EventType "swiss"]
[EventRounds "7"]
[EventCountry "BIH"]
[SourceTitle "EXT 2011"]
[Source "ChessBase"]
[SourceDate "2010.11.26"]
[SourceVersion "1"]
[SourceVersionDate "2010.11.26"]
[SourceQuality "1"]

1. e4 e5 2. Nf3 Nc6 3. Bc4 Bc5 4. c3 Nf6 5. d3 d6 6. Be3 Bxe3 7. fxe3 d5 8. exd5 Nxd5 9. Qe2 0-0 10. Nbd2 Nb6 11. Bb3 Bf5 12. e4 Bg4 13. h3 Bh5 14. g4 Bg6 15. Nf1 a5 16. a4 Qf6 17. h4 h5 18. g5 Qf4 19. Qe3 Qxe3+ 20. Nxe3 Rad8 21. Ke2 Rd6 22. Nf5 Bxf5 23. exf5 Nd5 24. Bxd5 Rxd5 25. Nd2 Rfd8 26. Rh3 Ne7 27. f6 Ng6 28. Rf1 Nf4+ 29. Rxf4 exf4 30. Ne4 Rc8 31. Rf3 Rf5 32. Kd2 b5 33. fxg7 Kxg7 34. Nf6 Rh8 35. axb5 Rxb5 36. Kc2 Rf5 37. c4 Kg6 38. Nd5 Rxd5 39. cxd5 f6 40. gxf6 Kxf6 41. Rxf4+ Ke5 42. Ra4 Ra8 43. b4 Kxd5 44. bxa5 Ra6 45. Kc3 c5 46. Ra2 Ra7 47. a6 Kc6 48. Kc4 Kb6 49. Rb2+ Kc6 50. Rg2 Rd7 51. Ra2 Ra7 52. Ra5 Kb6 53. Rxc5 Rxa6 54. Rxh5 Ra4+ 55. Kc3 1-0